Name a Country in Each Organization - Statistics

General Stats
  • This quiz has been taken 74 times
    46 since last reset
  • The average score is 14 of 19
Answer Stats
Organizations # Country % Correct
UN V Vietnam | Vanuatu | Venezuela
95%
G20 B Brazil
92%
G7 C Canada
92%
NATO C Canada | Croatia | Czech Republic
89%
Benelux L Luxembourg
89%
Nordic Council I Iceland
86%
OPEC V Venezuela
86%
Arab League B Bahrain
84%
Association of Southeast Asian Nations L Laos
81%
Caribbean Community A Antigua
78%
Eurasian Economic Community (defunct) R Russia
78%
EU M Malta
73%
Andean Community P Peru
70%
Arab Maghreb Union T Tunisia
70%
East African Community B Burundi
62%
Indian Ocean Rim Association B Bangladesh
57%
African Union I Ivory Coast
54%
NAFTA (defunct) M Mexico
51%
Commonwealth of Nations D Dominica
49%
No matching quizzes found
Score Distribution
Percent of People with Each Score
Percentile by Number Answered
Your Score History
You have not taken this quiz since the last reset